El fantástico sr. wani /

Guardado en:
Autor Principal: Usui, Kanako
Formato: Libro
Publicado: Buenos Aires : unaluna, 2015
Materias:
Etiquetas: Agregar Etiqueta
Sin Etiquetas, Sea el primero en etiquetar este registro!
LEADER 00655nam a22002295a 4500
001 CEM.cems015216
005 20191022153343.0
008 130507s2015##################000#0#####d
003 CEMS
020 |a 9789871849215 
082 0 4 |a 895.7 
100 1 |a Usui, Kanako 
245 1 0 |a El fantástico sr. wani /  |c Kanako Usui 
260 |a Buenos Aires :  |b unaluna,  |c 2015 
300 |a 32 p. 
653 |a Literatura 
653 |a Literatura coreana 
653 |a Literatura infantil 
653 |a Cuentos infantiles 
653 |a Colección ciencias de la educación 
653 |a Libro albúm 
859 |a CEMS  |b BIB. CEMS - Ccias. Educacion  |h 895.7  |i Us8  |k CE  |p 28395.19  |t Ej.1